| 000 | 00659nam a2200217 a 4500 | ||
|---|---|---|---|
| 005 | 20230608063705.0 | ||
| 008 | 030930s1992 mx r 000 0 spa d | ||
| 020 | _a843310540X | ||
| 035 | _aUPN01000129386 | ||
| 049 | _aCG | ||
| 050 | 4 |
_aLB1043.2 _bN3.5 |
|
| 100 | 1 | _aNavarro Higuera, Juan | |
| 245 | 1 | 0 |
_aIniciación audiovisual por medio de la diapositiva / _cJuan Navarro Higuera. |
| 260 |
_aMadrid : _bEscuela Española, _c[1992]. |
||
| 300 |
_a347 p. : _bil. |
||
| 650 | 4 |
_aDIAPOSITIVAS _99724 |
|
| 650 | 4 |
_aPROYECCION DE DIAPOSITIVAS _921435 |
|
| 650 | 4 |
_aAPARATOS AUDIOVISUALES _9230 |
|
| 650 | 4 |
_aEnseñanza audiovisual _913757 |
|
| 905 | _aLibro | ||
| 999 |
_c101558 _d101558 |
||